000 00737nam a2200265 a 4500
001 37851
003 AR-BaAGN
005 20231223063227.0
007 ta
008 220625s2006 ag |||||r|||| ||||||spa d
020 _a987-1288-05-0
040 _dAR-BaAGN
_aAR-BaAGN
_bspa
_eaacr
100 1 _aSalas, Adela M.
245 1 0 _aEl pago de La Matanza :
_bpoblación y sociedad 1700-1765
250 _a1ª ed.
260 _aBuenos Aires :
_bAcademia Nacional de la Historia,
_c2006.
300 _a272 páginas
336 _2rdacontent
_btxt
337 _2rdamedia
_bn
338 _2rdacarrier
_bnc
650 4 _aHISTORIA ARGENTINA
_92450
651 4 _aLa Matanza (Buenos Aires [Provincia])
_93854
942 _cLIBRO
999 _c37851
_d37851